| 000 | 00554nam a2200181Ia 4500 | ||
|---|---|---|---|
| 008 | 100921s9999 xx 000 0 und d | ||
| 082 |
_b8512 _a820 थ 51 |
||
| 100 | _aGalsworthy John. | ||
| 245 | _aThe Man Of Property. | ||
| 260 |
_bपेंग्वीन बुक्स,ग्रेट ब्रिटन. _c1951 |
||
| 300 |
_a317 _b--- |
||
| 365 | _b0 | ||
| 520 | _aललित इंग्रजी. | ||
| 630 | _aThe Man Of Property. | ||
| 650 | _aललित इंग्रजी. | ||
| 730 | _aThe Man Of Property. | ||
| 942 | _cBOOK | ||
| 999 |
_c757625 _d757622 |
||